00399nam a22001337a 4500008004100000040005500041080001400096100002000110245003400130260005500164300001300219650001500232653001800247230323b |||||||| |||| 00| 0 eng d aNational Science LibrarycNational Science Library a658.5bK9 aFoulkes, Fred K aCreating more meaningful work aNew York: bAmerican Management Associationc1969 ax, 222p. aManagement aCreative work